The Many Faces of Anime Quiz Stats

Quiz not verified by Sporcle

Challenge
Share
Tweet
Image and video hosting by TinyPic
Score 0/28 Timer 05:00
0 Plays Today
Character % Correct
18Edward Elric
86.7%
9Maka Albarn
69.9%
2Winry Rockbell
69.3%
4Tamaki Suoh
69.3%
28Taiga
66.7%
27Misaki Ayuzawa
48.6%
10Kyo Sohma
46.4%
1Yui
45.8%
3Tanaka
40.3%
11Mey-Rin
36.5%
5Sakura
35.9%
14Karin Maaka
33.3%
13Britain
30.9%
12Kagami Hiiragi
30%
Character % Correct
26Mikuru Asahina
25.5%
19Kaname Chidori
22.6%
23Risa Koizumi
19.7%
24Kyoko Mogami
19.5%
7Oz Vessalius
19.4%
17Gilbert Nightray
18.8%
8Minori Kushieda
17.6%
22Kuro
16.3%
6Sunako Nakahara
14.3%
21Akira Kogami
13.7%
25Megumi Yamamoto
12%
15Hideki Motosuwa
11.1%
16Hikari Hanazono
9.2%
20Tatsuhiro Satou
8.1%

You're not logged in!

Compare scores with friends on all Sporcle quizzes.
Join for Free
OR
Log In

You Might Also Like...

Show Comments

Extras

Top Quizzes Today


Score Distribution

Your Account Isn't Verified!

In order to create a playlist on Sporcle, you need to verify the email address you used during registration. Go to your Sporcle Settings to finish the process.

Report this User

Report this user for behavior that violates our Community Guidelines.

Details: